Southville International School and Colleges
Your cart is empty.
  • Cart
  • Lists
    Public lists Eva Luna New books Lux_list list_1
    Your lists Log in to create your own lists
  • Log in to your account
  • Your cookies
  • Search history
Southville International School and Colleges
  • Advanced search
  • Recent comments
  • Most popular
  • Libraries

Log in to your account

Log in with GOOGLE


If you do not have an external account, but do have a local account, you can still log in:

  1. Home
  2. MARC view: Sleepover friends :
Normal view MARC view ISBD view

Sleepover friends : (Record no. 8284)

[ view plain ]
MARC details
000 -LEADER
fixed length control field 00997cam a22003133a 4500
001 - CONTROL NUMBER
control field 16392571
003 - CONTROL NUMBER IDENTIFIER
control field OSt
005 - DATE AND TIME OF LATEST TRANSACTION
control field 20140310182018.0
008 - FIXED-LENGTH DATA ELEMENTS--GENERAL INFORMATION
fixed length control field 980529s1990 xxu 000 1 eng
010 ## - LIBRARY OF CONGRESS CONTROL NUMBER
LC control number 98814005
020 ## - INTERNATIONAL STANDARD BOOK NUMBER
International Standard Book Number 0590431900
035 ## - SYSTEM CONTROL NUMBER
System control number (DLC) 98814005
040 ## - CATALOGING SOURCE
Original cataloging agency DLC
Transcribing agency DLC
Modifying agency DLC
050 ## - LIBRARY OF CONGRESS CALL NUMBER
Classification number PZ 7
Item number .Sa257 1990
082 ## - DEWEY DECIMAL CLASSIFICATION NUMBER
Classification number KF
Item number Sa8sf 1990
100 1# - MAIN ENTRY--PERSONAL NAME
Personal name Saunders, Susan.
9 (RLIN) 6785
245 10 - TITLE STATEMENT
Title Sleepover friends :
Statement of responsibility, etc Susan Saunders.
Remainder of title where is Patti? /
260 ## - PUBLICATION, DISTRIBUTION, ETC. (IMPRINT)
Place of publication, distribution, etc New York :
Name of publisher, distributor, etc Apple Paperback,
Date of publication, distribution, etc c1990.
300 ## - PHYSICAL DESCRIPTION
Extent 83 p.
Dimensions 20 cm.
490 0# - SERIES STATEMENT
Series statement Sleepover friends ;
Volume number/sequential designation no. 27
541 ## - IMMEDIATE SOURCE OF ACQUISITION NOTE
-- 1
562 ## - COPY AND VERSION IDENTIFICATION NOTE
Number of copies for circulation. 1 copy available in the collection
655 #7 - INDEX TERM--GENRE/FORM
Genre/form data or focus term Young adult fiction.
Source of term lcsh
9 (RLIN) 3735
655 #7 - INDEX TERM--GENRE/FORM
Genre/form data or focus term Adventure fiction.
Source of term gsafd
9 (RLIN) 3061
655 #7 - INDEX TERM--GENRE/FORM
Genre/form data or focus term Mystery fiction.
Source of term gsafd
9 (RLIN) 4089
710 2# - ADDED ENTRY--CORPORATE NAME
Corporate name or jurisdiction name as entry element Copyright Paperback Collection (Library of Congress)
Institution to which field applies DLC
9 (RLIN) 705
906 ## - LOCAL DATA ELEMENT F, LDF (RLIN)
a 7
b cbc
c orignew
d 2
e ncip
f 19
g y-genrareb
942 ## - ADDED ENTRY ELEMENTS (KOHA)
Source of classification or shelving scheme Library of Congress Classification
Koha item type
Call number prefix
Holdings
Withdrawn status Lost status Source of classification or shelving scheme Damaged status Home library Current library Shelving location Date acquired Total Checkouts Full call number Barcode Date last seen Price effective from Koha item type
    Library of Congress Classification   Luxembourg Library Luxembourg Library Kids Fiction Section 07/31/2013   PZ 7 .Sa257 1990 10327 08/13/2013 07/31/2013 Books

Sleepover friends :

APA

Saunders S., Copyright Paperback Collection (Library of Congress), . (1990). Sleepover friends. New York: Apple Paperback.

Chicago

Saunders Susan, Copyright Paperback Collection (Library of Congress), . 1990. Sleepover friends. New York: Apple Paperback.

Harvard

Saunders S., Copyright Paperback Collection (Library of Congress), . (1990). Sleepover friends. New York: Apple Paperback.

MLA

Saunders Susan, Copyright Paperback Collection (Library of Congress), . Sleepover friends. New York: Apple Paperback. 1990.

  • Place hold
  • Print
  • Cite
  • Add to your cart (remove)
  • Save record
    BIBTEX Dublin Core MARCXML MARC (non-Unicode/MARC-8) MARC (Unicode/UTF-8) MARC (Unicode/UTF-8, Standard) MODS (XML) RIS
  • More searches
    Search for this title in:
    Other Libraries (WorldCat) Other Databases (Google Scholar) Online Stores (Bookfinder.com) Open Library (openlibrary.org)

Exporting to Dublin Core...

SOUTHVILLE LIBRARY

Southville International School and Colleges Library

1281 Tropical Ave. Cor. Luxembourg St., BF Homes International, Las Pinas City

Tel. No. 8256374 / 252358 Loc. 117/146

Powered by Koha